Top 10 Longest States - Statistics

General Stats
  • This quiz has been taken 374 times
  • The average score is 8 of 10
Answer Stats
Distance (Miles) State % Correct
807 Texas
98%
830 California
97%
2,280 Alaska
96%
599 Florida
93%
689 Montana
88%
563.23 Nevada
78%
563.27 Idaho
76%
1,610 Hawaii
75%
522 New Mexico
69%
533 Oklahoma
63%
No matching quizzes found
Score Distribution
Percent of People with Each Score
Percentile by Number Answered
Your Score History
You have not taken this quiz